Word Ladder: Autumn Weather Quiz Stats

 Plays Quiz Updated Nov 8, 2017

Challenge
Share
Tweet
Embed
Score 0/36 Timer 04:00
0 Plays Today
Clue 4-Letter Word % Correct
Another name for Autumn•FALL•
97.4%
School home room, study ___HALL
95.5%
Unable to hearDEAF
95.2%
Moving air•WIND•
95%
Frozen precipitation•HAIL•
94.6%
Flavor of toothpasteMINT
94.1%
Give someone the heads-up about dangerWARN
93.9%
Opposite of a winLOSS
93.6%
This grows in damp weather•MOSS•
93.1%
The majority ofMOST
93%
Color-changing plant part•LEAF•
92.8%
Mode of travel by trainRAIL
92.4%
It grows on American cheeseMOLD
92.2%
Mental capacityMIND
92%
Morning haze•MIST•
92%
Smaller in quantityLESS
91.6%
Moist weather for ducks•RAIN•
91.5%
Relative of a frogTOAD
91.5%
Clue 4-Letter Word % Correct
Just like a kind heart•WARM•
91.4%
Weather begins to feel like this•COLD•
90.4%
Three-___ slothTOED
89%
FeralWILD
88.5%
Having students of both gendersCOED
87.9%
Gentle and warmMILD
87.3%
Like fallen leaves•DEAD•
87.2%
MeadowsLEAS
85.9%
Color of the autumn foliage•GOLD•
84.6%
Constable's hay wagonWAIN
83.3%
Drink made from honeyMEAD
83%
Coerce or prodGOAD
83%
Grain used in brewing and distillingMALT
73.3%
Toasted sandwichMELT
73.2%
Mix or blendMELD
72.7%
Forceful moving air•GALE•
63.5%
Beach shanty FALE
61.4%
John ____ of 'Atlas Shrugged'GALT
57.8%

Today's Daily Dose

You're not logged in!

Compare scores with friends on all Sporcle quizzes.
Join for Free
OR
Log In

You Might Also Like...

Show Comments

Extras

Top Quizzes Today


Score Distribution

Your Account Isn't Verified!

In order to create a playlist on Sporcle, you need to verify the email address you used during registration. Go to your Sporcle Settings to finish the process.

Report this User

Report this user for behavior that violates our Community Guidelines.

Details: